Treinta y tres poetas árabes: Desde el año 560 hasta los contemporáneos
Salvato in:
| Autore principale: | |
|---|---|
| Natura: | Libro |
| Lingua: | spagnolo |
| Pubblicazione: |
Santiago
Nascimento
1945
|
| Edizione: | 1a. ed |
| Soggetti: | |
| Tags: |
Aggiungi Tag
Nessun Tag, puoi essere il primo ad aggiungerne!!
|
MARC
| LEADER | 00000nam a2200000 a 4500 | ||
|---|---|---|---|
| 001 | UCJ4049 | ||
| 003 | CL-VaPUC | ||
| 008 | 070124e19450000CL |||||||||||||||||spa|d | ||
| 082 | 0 | 4 | |a 892 |b CHU |2 21 |
| 100 | 0 | |a Chuaqui, Benedicto |e author |9 506909 | |
| 245 | 1 | 0 | |a Treinta y tres poetas árabes: Desde el año 560 hasta los contemporáneos |
| 250 | |a 1a. ed | ||
| 300 | |a 112 p | ||
| 942 | |c BK | ||
| 945 | |d 20070124 00:00:00 |a rinostro | ||
| 260 | |a Santiago |b Nascimento |c 1945 | ||
| 600 | 0 | 7 | |a HADDAD, NAFRA |2 CL-VaPUC |9 506910 |
| 600 | 0 | 7 | |a AYUB, RACHI |2 CL-VaPUC |9 506911 |
| 600 | 0 | 7 | |a ZALAQUET, JEAN |2 CL-VaPUC |9 506912 |
| 600 | 0 | 7 | |a ABIMADI, ELIAS |2 CL-VaPUC |9 506913 |
| 600 | 0 | 7 | |a FAYAD, ELIAS |2 CL-VaPUC |9 506914 |
| 650 | 0 | |a Poesía árabe |9 342321 | |
| 650 | 0 | |a Antología |9 327336 | |
| 583 | |a last modification |c 20070124 00:00:00 |k Rodrigo Vera | ||
| 999 | |c 320167 |d 320165 | ||
| 952 | |0 0 |1 0 |4 0 |6 892_000000000000000_CHU_1945 |7 0 |8 X |9 398641 |a FDOBUD |b FDOBUD |d 2019-11-22 |i 1012746 |o 892 CHU 1945 |p 1012746 |r 2019-11-22 |w 2019-11-22 |y BK_X |k BUD | ||